| 000 | 01132nam a22002777a 4500 | ||
|---|---|---|---|
| 003 | 0 | ||
| 005 | 20250913101723.0 | ||
| 008 | 250911b xxu||||| |||| 00| 0 eng d | ||
| 020 | _a978-0-316-08530-4 | ||
| 050 |
_aPZ 7.1 _b.C835 2010 |
||
| 100 |
_aCowell, Cressida, _eauthor, _eillustrator. |
||
| 245 |
_aHow to train your dragon book 4 : _bhow to cheat a dragon’s curse / _cCressida Cowell. |
||
| 250 | _aFirst U.S. edition. | ||
| 260 |
_aNew York : _bLittle, Brown and Company, _c2010. |
||
| 300 |
_a241 pages : _billustrations ; _c20 cm. |
||
| 490 |
_aHow to train your dragon ; _vbk. 4 |
||
| 500 | _aOriginally published in the U.K. by Hodder Children’s Books, 2006. | ||
| 520 | _aHiccup Horrendous Haddock III must find a cure for his friend Fishlegs, who has been struck by deadly Vorpentitis, and the only antidote is a rare potato guarded by a fierce dragon. | ||
| 650 |
_aVikings _vFiction. |
||
| 650 |
_aDragons _vFiction. |
||
| 650 |
_aFriendship _vFiction. |
||
| 650 |
_aQuests (Expeditions) _vFiction. |
||
| 650 | _aHumorous stories. | ||
| 830 |
_aHow to train your dragon ; _sbk. 4. |
||
| 942 |
_2lcc _cBK |
||
| 999 |
_c367898 _d367898 |
||